| 000 | 00515nam a2200181 a 4500 | ||
|---|---|---|---|
| 005 | 20210223120904.0 | ||
| 008 | 991125s1966 mx 000 0 spa u | ||
| 035 | _aUPN01000008720 | ||
| 049 | _aF | ||
| 050 | 4 |
_aQH311 _bC6.4 |
|
| 245 | 0 | 0 | _aComentarios sobre el hombre. |
| 260 |
_aMéxico : _bBritánica, _c1966. |
||
| 300 | _a55 p. | ||
| 440 | 0 |
_aCuadros murales. _pCiencias ; _v1 |
|
| 534 |
_pTítulo original : _tCommentaires des tableaux de sciences |
||
| 650 | 4 |
_aHOMBRE - _xCONSTITUCION _912419 |
|
| 905 | _aLibro | ||
| 999 |
_c8720 _d8720 |
||